|
|
|
|
| LEADER |
00890nam a22002652a 4500 |
| 001 |
001666985 |
| 003 |
CZ BrMZK |
| 005 |
20220617083443.0 |
| 007 |
ta |
| 008 |
190131s1928 sz er|||||||||||ger d |
| 040 |
|
|
|a BOA001
|b cze
|e aacr2
|
| 072 |
|
7 |
|a 638
|x Včelařství
|2 Konspekt
|9 24
|
| 080 |
|
|
|a 638.1
|2 MRF
|
| 080 |
|
|
|a (0.036.6)
|2 MRF
|
| 100 |
1 |
|
|a Morgenthaler, Otto,
|d 1886-1973
|7 mzk20221154163
|4 aut
|
| 245 |
1 |
0 |
|a Bienenkrankheiten im Jahre 1927 /
|c O. Morgenthaler
|
| 260 |
|
|
|a Aarau :
|b Schweizerische Bienenzeitung,
|c 1928
|
| 300 |
|
|
|a 10 s.
|
| 650 |
0 |
7 |
|a včelařství
|7 ph116666
|2 czenas
|
| 655 |
|
7 |
|a separáty
|7 fd131867
|2 czenas
|
| 772 |
0 |
8 |
|i Separát ze seriálu:
|t Schweizerische Bienenzeitung,
|g Nr. 5., Jg. 1928
|
| 910 |
|
|
|a BOA001
|b X-0414.608
|
| 990 |
|
|
|a BK
|
| 991 |
|
|
|b 201901
|
| 996 |
7 |
|
|b 2618970465
|c X-0414.608
|l MZK
|r Sklad / do 24 hodin
|n 0
|w 001706178
|u 000010
|a 1
|e BOA001
|j MZK50
|s A
|